El concepto de puro en Kant y su sentido epistemológico en la crítica de la razón práctica / (Record no. 50587)

MARC details
000 -LEADER
campo de control de longitud fija 00586nam a2200169 i 4500
001 - NÚMERO DE CONTROL
campo de control 50587
003 - IDENTIFICADOR DE NÚMERO DE CONTROL
campo de control ES-MaACL
005 - FECHA Y HORA DE LA ÚLTIMA TRANSACCIÓN
campo de control 20230906162214.0
007 - CAMPO FIJO DE DESCRIPCIÓN FÍSICA--INFORMACIÓN GENERAL
campo de control de longitud fija t|
008 - DATOS DE LONGITUD FIJA--INFORMACIÓN GENERAL
campo de control de longitud fija 030805s1969 sp ||||1| spa d
100 1# - ENTRADA PRINCIPAL--NOMBRE DE PERSONA
Nombre de persona Cubells, Fernando.
9 (RLIN) 41925
245 13 - MENCIÓN DEL TÍTULO
Título El concepto de puro en Kant y su sentido epistemológico en la crítica de la razón práctica /
Mención de responsabilidad, etc. Fernando Cubells.
260 ## - PUBLICACIÓN, DISTRIBUCIÓN, ETC.
Lugar de publicación, distribución, etc. Valencia :
Nombre del editor, distribuidor, etc. [s.n.,
Fecha de publicación, distribución, etc. 1969] (
Fabricante Gráf. Soler)
300 ## - DESCRIPCIÓN FÍSICA
Extensión 178 p. ;
Dimensiones 24 cm.
500 ## - NOTA GENERAL
Nota general Es separata de: "Anales de Seminario de Valencia", nº 13, 1967.
852 ## - LOCALIZACIÓN
Ubicación ES-MaACL
Número de control de estantería C-37874
Sublocalización o colección R.69598
Holdings
Estatus retirado Estado de pérdida Estado de daño No para préstamo Biblioteca de origen Biblioteca actual Ubicación en estantería Fecha de adquisición Fuente de adquisición Total de préstamos Signatura topográfica completa Código de barras Visto por última vez Precio de reemplazo Tipo de ítem Koha
        Biblioteca del Ateneo de Madrid Biblioteca del Ateneo de Madrid Depósito 2 17/01/2008     C-37874 1053209 23/02/2023 23/02/2023 Libro impreso